Německé tajné zbraně druhé světové války : střely, rakety, zbraně a nové technologie třetí říše /

Main Author: Hogg, Ian V., 1926-2002
Other Authors: Milata, Zdeněk
Language: Czech
Published: Praha : Ivo Železný, 2003
Edition: 2. vyd.
Physical Description: 239 s., [16] s. obr. příl. : il. ; 20 cm
Book
Saved in:
LEADER 01752nam a2200481 a 4500
001 000761149
003 CZ BrMZK
005 20091026104751.0
007 ta
008 050126s2003 xr af er 001 0dczeoc
015 |a cnb001293512 
020 |a 80-237-3860-7  |q (brož.) 
035 |a (OCoLC)53272894 
040 |a ABA001  |b cze  |d BOA001 
041 1 |a cze  |h eng 
043 |a e-gx--- 
045 |a x3x4 
072 7 |a 623  |x Vojenská technika  |2 Konspekt  |9 19 
080 |a 623.419  |2 MRF 
080 |a 623.74  |2 MRF 
080 |a 623.416.6  |2 MRF 
080 |a 94(100)"1939/1945"  |2 MRF 
080 |a (430)  |2 MRF 
080 |a (0:82-96)  |2 MRF 
100 1 |a Hogg, Ian V.,  |d 1926-2002  |7 jn20000602971  |4 aut 
245 1 0 |a Německé tajné zbraně druhé světové války :  |b střely, rakety, zbraně a nové technologie třetí říše /  |c Ian V. Hogg ; přeložil Zdeněk Milata 
250 |a 2. vyd. 
260 |a Praha :  |b Ivo Železný,  |c 2003 
300 |a 239 s., [16] s. obr. příl. :  |b il. ;  |c 20 cm 
500 |a Přeloženo z angličtiny 
500 |a Obsahuje rejstřík 
650 0 7 |a řízené střely  |7 ph128323  |z Německo  |2 czenas 
650 0 7 |a vojenská letadla  |7 ph116621  |z Německo  |2 czenas 
650 0 7 |a raketové zbraně  |7 ph125004  |z Německo  |2 czenas 
650 0 7 |a dalekonosná děla  |7 ph119317  |z Německo  |2 czenas 
650 0 7 |a druhá světová válka, 1939-1945  |7 ph117270  |z Německo  |2 czenas 
655 7 |a literatura faktu  |7 fd132773  |2 czenas 
700 1 |a Milata, Zdeněk  |7 jn20010310358  |4 trl 
765 0 |t German secret weapons of the Second World War  |9 Česky 
910 |a BOA001  |b 2-1146.645 
990 |a BK 
991 |b 200502  |c NOV 
996 6 |b 2610239899  |c 2-1146.645  |l MZK  |r Sklad / do 1 hodiny  |n 1  |p p.v.  |w 000761149  |u 000010  |a 1  |e BOA001  |j MZK50  |s P